X-ray technique and spinal misalignment interpretation, (Record no. 38901)
[ view plain ]
| 000 -LEADER | |
|---|---|
| fixed length control field | 00663cam a22002171 4500 |
| 001 - CONTROL NUMBER | |
| control field | med48000527 |
| 003 - CONTROL NUMBER IDENTIFIER | |
| control field | DLC |
| 005 - DATE AND TIME OF LATEST TRANSACTION | |
| control field | 20260227111609.0 |
| 008 - FIXED-LENGTH DATA ELEMENTS--GENERAL INFORMATION | |
| fixed length control field | 810815s1947 xx a 000 0 eng |
| 010 ## - LIBRARY OF CONGRESS CONTROL NUMBER | |
| LC control number | med48000527 |
| 035 ## - SYSTEM CONTROL NUMBER | |
| System control number | (OCoLC)14741258 |
| 040 ## - CATALOGING SOURCE | |
| Original cataloging agency | DLC |
| Transcribing agency | DNLM |
| Modifying agency | DLC |
| 042 ## - AUTHENTICATION CODE | |
| Authentication code | premarc |
| 050 00 - LIBRARY OF CONGRESS CALL NUMBER | |
| Classification number | RM730 |
| Item number | .H37 |
| 060 0# - NATIONAL LIBRARY OF MEDICINE CALL NUMBER | |
| Classification number | WB 905 |
| Item number | H498x 1947 |
| 100 1# - MAIN ENTRY--PERSONAL NAME | |
| Personal name | Hendricks, Arthur George, |
| Dates associated with a name | 1894- |
| 245 10 - TITLE STATEMENT | |
| Title | X-ray technique and spinal misalignment interpretation, |
| Statement of responsibility, etc. | by A. G. Hendricks [and] Earl A. Rich. |
| 260 ## - PUBLICATION, DISTRIBUTION, ETC. | |
| Place of publication, distribution, etc. | Indianapolis, |
| Name of publisher, distributor, etc. | Lincoln Chiropractic College, |
| Date of publication, distribution, etc. | c1947. |
| 300 ## - PHYSICAL DESCRIPTION | |
| Extent | 111 p. |
| Other physical details | ill. |
| 700 1# - ADDED ENTRY--PERSONAL NAME | |
| Personal name | Rich, Earl Arthur, |
| Dates associated with a name | 1921-1967. |
No items available.